00703 2200229 4500001002100000005001500021035002000036008004100056245008600097100001500183260003900198300002500237084002000262082001000282650008600292020002200378700001500400700001000415700000800425990002000433990002000453INLIS00000000000423920250211112549 a0010-0225000165250211 0 ind 1 aTeladan Dari Timur Dr. H. Awang Faroek Ishak :bGubernur Kaltim 2008-2013 /cRauf aRauf, Rauf aSamarinda :bPemprov Kaltim,c2013 a354 hlm. ;c16x24 cm a923.2 RAU T C.1 a923.2 4aBiografi Ahli Politik, Biografi Politikus, Politisi, Biografi Ahli Pemerintahan a978-979-19034-8-6 aSirajuddin aIkbal aAdi a250111200007419 a250111200007420